| 000 | 00000nam##2200000za#4500 |
| 001 | 9.590271 |
| 003 | CaOODSP |
| 005 | 20210624200039 |
| 007 | cr ||||||||||| |
| 008 | 150406|2009||||xxc|||||o f|0| 0 eng|d |
| 022 | |a1701-1280 |
| 040 | |aCaOODSP|beng |
| 041 | |aeng |
| 041 | |afre |
| 043 | |an-cn--- |
| 086 | 1 |aFs70-4/2009-002-PDF |
| 110 | 1 |aCanada. |bDepartment of Fisheries and Oceans. |
| 245 | 10|aNational Marine Mammal Peer Review Committee: Stock assessment of Northern Quebec (Nunavik) Beluga (Delphinapterus leucas) : |h[electronic resource]|bFebruary 16-17, 2009, Freshwater Institute, 501 University Crescent, Winnipeg, Manitoba / |cChairperson: Don Bowen; Editor: Christine Abraham. |
| 260 | |aOttawa - Ontario : |bFisheries and Oceans Canada |cJune 2009. |
| 300 | |a22p. |
| 490 | 1 |aCanadian Science Advisory Secretariat proceedings series|x1701-1280|v2009/002 |
| 590 | |a14-19-Supp|b2014-11-03 |
| 792 | |tComité national d'examen par les pairs sur les mammifères marins : Évaluation du stock de béluga du Nord du Québec (Nunavik) (Delphinapterus leucas) : |efre|w(CaOODSP)9.590272 |
| 830 | #0|aProceedings series (Canadian Science Advisory Secretariat)|x1701-1280|v2009/002|w(CaOODSP)9.500507 |
| 856 | 40|ahttp://publications.gc.ca|qPDF|s114 KB|uhttps://publications.gc.ca/collections/collection_2014/mpo-dfo/Fs70-4-2009-002.pdf|y2009/002 |